Villes de la Marne de plus de 10 000 hab - Statistiques

Statistiques générales
  • Ce quiz a été pris 119 fois
  • Le résultat moyen est 4 sur 5
Statistiques - réponses
Ville Population % Correct
Reims 177 236
100%
Châlons-en-Champagne 43 222
97%
Épernay 21 412
93%
Vitry-le-François 10 847
70%
Tinqueux 10 807
42%
Aucun quiz correspondant
Distribution des résultats
% des personnes avec chaque résultat
Percentile par nombre de réponses
Votre historique - résultats
Vous n’avez pas pris ce quiz